| 000 | 005020000a22001810004500 | ||
|---|---|---|---|
| 003 | MACL | ||
| 005 | 20151229152345.0 | ||
| 008 | 151229b xxu||||| |||| 00| 0 eng d | ||
| 040 |
_aMACL _cMACL |
||
| 041 | _aEnglish | ||
| 082 | _a294.5/PRA | ||
| 100 |
_aBharadwaj, Dr Chiranjiva _924062 |
||
| 245 | _aLight of Truht or An english translation of the Satyarth Prakash | ||
| 260 |
_bSarvadeshik Arya Pratinidhi Sabha _c1975 |
||
| 350 | _a20 | ||
| 650 |
_aReligion _924063 |
||
| 942 |
_cBK _k294.5/BHA _2ddc |
||
| 999 |
_c34385 _d34385 |
||